|
|
|
|
| LEADER |
00000cam a2200000 a 4500 |
| 001 |
vtls008401104 |
| 003 |
SK-MaSNL |
| 005 |
20260302074754.0 |
| 008 |
250313q1928 xo o gr 000 0 slo |
| 015 |
|
|
|a SNBA19191938-012706
|
| 020 |
|
|
|q (brožované)
|
| 035 |
|
|
|a SK01SNKBSKHR20010093321
|
| 035 |
|
|
|a urn:nbn:sk:snk-am3ikbh
|
| 035 |
|
|
|a 0E4C62BF-8AE6-40BC-BA1E-8B28EF50F8DB
|
| 035 |
|
|
|a urn:nbn:sk:snk-am00en1u
|
| 035 |
|
|
|a SKM000095784
|
| 040 |
|
|
|a SNK
|b slo
|c SNK
|e AACR2
|
| 041 |
0 |
|
|a slo
|
| 043 |
|
|
|a e-xo---
|
| 044 |
|
|
|a xo
|c SK
|a xr
|c CZ
|
| 080 |
|
|
|a 37.011
|2 2011
|
| 080 |
|
|
|a (437.672)
|2 2011
|
| 080 |
|
|
|a (082.2)
|2 2011
|
| 080 |
|
|
|a (047)
|2 2011
|
| 100 |
1 |
|
|a Špilar, F.
|4 aut
|9 597729
|
| 245 |
1 |
0 |
|a Spišská Nová Ves s okolím vo službe kultúry v jubilejnom roku
|b zpráva Okresného osvetového sboru za rok 1928
|c podáva F. Špilar
|
| 260 |
|
|
|a Spišská Nová Ves
|b Okresný osvetový sbor
|c [1928]
|e Brno
|f Pokorný
|
| 300 |
|
|
|a 52 strán
|b fotografie
|c 23 cm
|
| 648 |
|
7 |
|a 1928
|2 SNKPH
|9 390141
|
| 650 |
0 |
7 |
|a osvetová práca
|2 SNKPH
|9 78021
|
| 651 |
|
7 |
|a Spišská Nová Ves (Slovensko : okres)
|2 SNKPHgeo
|9 22259
|
| 655 |
|
7 |
|a jubilejné publikácie
|2 SNKPH
|9 70339
|
| 655 |
|
7 |
|a správy
|2 SNKPH
|9 70563
|
| 852 |
|
|
|a Slovenská národná knižnica
|
| 958 |
|
|
|a RK
|
| 958 |
|
|
|a TL
|
| 958 |
|
|
|a OND
|
| 958 |
|
|
|a EUIPO
|
| 999 |
|
|
|c 1166427
|d 1168357
|
| 952 |
|
|
|a SNK
|b SNK
|y PREZ
|7 0
|p 17A0715055
|o snkSC 682/7
|i snk1295/29
|0 0
|1 0
|4 0
|d 2024-02-22
|f 1
|l 0
|r 2026-02-24 20:49:43
|w 2026-02-24
|
| 952 |
|
|
|a SNK
|b SNK
|y PREZ
|7 0
|p 17A0843026
|o snkSC 15326
|i snkD 1909/61
|8 1
|0 0
|1 0
|4 0
|d 2020-07-13
|f 1
|l 0
|r 2025-07-18 00:00:00
|w 2026-02-24
|